| 000 | 00594nam a2200193 a 4500 | ||
|---|---|---|---|
| 001 | 000030161 | ||
| 005 | 20200930060108.0 | ||
| 008 | 110503s2007 dr af 000 0 spa d | ||
| 020 | _a9789945859645 | ||
| 040 |
_aDO-SdBNP _bspa _cBNPHU |
||
| 082 |
_axxx _bO32p |
||
| 245 | 0 | 0 |
_aDe oficio pintor : _barte colonial venezolano. |
| 260 |
_aSantiago de los Caballeros : _bCentro León, _c2007. |
||
| 300 |
_a124 p. : _bil. ; lám. ; _c28 cm. |
||
| 490 | 1 | _aPatricia Phelps de Cisneros | |
| 500 | _aIncluye notas al pie de páginas | ||
| 830 | 0 |
_aPatricia Phelps de Cisneros _956876 |
|
| 049 | _aBNPD | ||
| 999 |
_c29653 _d29653 |
||